000 00891nam a2200229 i 4500
001 166853
003 ES-MaACL
005 20251011063150.0
008 021003s1899 sp |||| | spa d
040 _aEUS
_bspa
_cEUS
080 _a821.134.2-82"18
100 1 _aValbuena, Antonio de,
_d1844-1929
_9112452
245 1 0 _aDes-trozos literarios /
_cpor Antonio de Valbuena (Miguel de Escalada).
246 3 3 _aDes-trozos literarios
260 _aMadrid :
_bLibrería general de Victoriano Suárez,
_c1899 (
_fImp. del Asilo de Huérfanos del S.C. de Jesús)
300 _a285 p. ;
_c19 cm.
530 _aDisponible en formato digital.
594 _aMiguel de Escalada es seud. de Antonio de Valbuena.
852 _aES-MaACL
_jF-10851
_z- Enc. hol.
856 _uhttp://bdh-rd.bne.es/viewer.vm?id=0000247020&page=1
_zBiblioteca Digital Hispánica
999 _c166853
_d166853